000 00884nam a22001697a 4500
999 _c63408
_d63408
003 Ge_BSU
005 20251002151445.0
008 251002s1998 ge ||||| |||| 00| 0 geo d
041 _ageo
080 _a349.412(479.22)(094.1) ც-80
245 _aცნობარი მიწის მესაკუთრეთათვის :
_b(საკანონმდ. აქტთა კრებული) /
_cსაქართველო აჭარის ავტონ. რესპ. მიწის მართვის სახ. დეპარტამენტი.
264 _a[ბათუმი] :
_bმესხეთი,
_c1998.
300 _a150 გვ. ;
_b16 სმ.
653 _aმიწის საკუთრება
653 _aსაკანონმდებლო აქტების კრებულები
942 _2udc
_cᲬᲘᲒᲜᲘ